| 000 | 00733cam a2200193 a 4500 | ||
|---|---|---|---|
| 020 | _a9780896297968 (pbk. : alk. paper) | ||
| 020 | _a0896297969 (pbk. : alk. paper) | ||
| 040 | _cDNAL | ||
| 082 | 0 | 0 | _a330 INT 2012 C150 Or. |
| 100 | 1 | _aViceisza, Angelino C. G. | |
| 245 | 1 | 0 |
_aTreating the field as a lab : _ba basic guide to conducting economics experiments for policymaking / |
| 246 | 3 | 0 | _aBasic guide to conducting economics experiments for policymaking |
| 260 |
_aWashington, DC : _bInternational Food Policy Research Institute, _cc2012. |
||
| 300 |
_axiii, 93 p. : _bill. ; _c26 cm. |
||
| 650 | 0 | _aExperimental economics. | |
| 650 | 0 | _aEconomics | |
| 710 | 2 | _aInternational Food Policy Research Institute. | |
| 942 | _cAEDBB | ||
| 999 |
_c18663 _d18663 |
||